=LDR 00000nam 2200000 4500 =001 INLIS000000000006069 =005 20251031105531 =035 ##$$a 0010-1025001124 =007 ta =008 251031###########################0#ind## =082 ##$$a 351.7509598 =084 ##$$a 351.7509598 BAD p =245 1#$$a Pola Pengembangan Pengelolaan Jaringan Informasi dan Dokumentasi Kependudukan Keluarga Sejahtera di Tingkat Kecamatan dan Desa : $b - /$c Badan Koordinasi Keluarga Berencana Nasional =260 ##$$a Jakarta :$b Badan Koordinasi Keluarga Berencana Nasional,$c 1993 =300 ##$$a 18 hal : $b - ; $c 21 cm =650 #4$$a Keluarga Berencana =110 #$$a Badan Koordinasi Keluarga Berencana Nasional =856 ##$$a Perpustakaan Kemendukbangga